यशाचं मानसशास्त्र / (Record no. 54338)

MARC details
000 -LEADER
fixed length control field 01178nam a22002657a 4500
005 - DATE AND TIME OF LATEST TRANSACTION
control field 20110725120732.0
008 - FIXED-LENGTH DATA ELEMENTS--GENERAL INFORMATION
fixed length control field 110725t xxu||||| |||| 00| 0 mar d
010 ## - LCCN (DPL NO)
LC control number MAR-21132
020 ## - INTERNATIONAL STANDARD BOOK NUMBER
Terms of availability 50.00
International Standard Book Number 8172944969
035 ## - SYSTEM CONTROL NUMBER
System control number MR-13790
037 ## - SOURCE OF ACQUISITION
Source of stock number/acquisition DBAD/PUB
040 ## - CATALOGING SOURCE
Original cataloging agency DPL
Language of cataloging MR
082 ## - DEWEY DECIMAL CLASSIFICATION NUMBER
Classification number 158.1
100 ## - MAIN ENTRY--PERSONAL NAME
9 (RLIN) 30018
Personal name संगोराम,सेतुमाधव
245 ## - TITLE STATEMENT
Title यशाचं मानसशास्त्र /
Statement of responsibility, etc सेतुमाधव संगोराम
246 ## - VARYING FORM OF TITLE
Title proper/short title Yashacha Manasshastra
Remainder of title by Setumadhav Sangoramr
250 ## - EDITION STATEMENT
Edition statement चौथी आवृती
260 ## - PUBLICATION, DISTRIBUTION, ETC. (IMPRINT)
Place of publication, distribution, etc पुणे
Name of publisher, distributor, etc दिलीपराज प्रकाशन
Date of publication, distribution, etc 2009
270 ## - ADDRESS
Address 251 क, शनिवार पेठ
City पुणे
Postal code 411030
300 ## - PHYSICAL DESCRIPTION
Extent 75पृ
Dimensions 22सेमी(अजिल्द)
650 ## - SUBJECT ADDED ENTRY--TOPICAL TERM
Topical term or geographic name as entry element व्यक्तिमत्व विकास
9 (RLIN) 30036
650 ## - SUBJECT ADDED ENTRY--TOPICAL TERM
Topical term or geographic name as entry element Personality Development
9 (RLIN) 30037
942 ## - ADDED ENTRY ELEMENTS (KOHA)
Source of classification or shelving scheme Dewey Decimal Classification
Item type Marathi Books
Call number suffix संगोरा
Classification part 158.1
Holdings
Withdrawn status Lost status Source of classification or shelving scheme Damaged status Not for loan Collection code Home library Current library Date acquired Source of acquisition Cost, normal purchase price Total Checkouts Full call number Barcode Date last seen Copy number Cost, replacement price Koha item type
    Dewey Decimal Classification   Not For Loan Non-fiction D.B.Act.Division D.B.Act.Division 25/07/2011 DBAD / PUB 50.00   158.1 संगोरा MR-13790 25/07/2011 1 50.00 Marathi Books

© Delhi Public Library
Hit Counter
free hit counter